00542nam a2200133Ia 4500008004100000100002700041245014300068245004900211260005300260260000900313300001000322650001500332856006100347170221s9999 xx 000 0 und d aIbrahim Garba Muhammad aAssessment of Organizational Performance: Linking the Motivational Antecedents of Empowerment, Compensation and Organizational Commitment  cIbrahim Garba Muhammad, Haim Hilman Abdullah bInternational Review of Management and Marketing c2016 a6 : 4 xMarketing. uhttp://www.econjournals.com/index.php/irmm/issue/view/88